000 00705cab a2200193 4500
001 WB3139-66
008 090401t1995 xxu||||| |||| 00| 0 eng d
035 _a(Sirsi) u3112
041 _aeng
245 _aPitfalls of Tenancies Act
260 _c1995
350 _a0
490 _aWestern Mail
_vFarm and Country Life 17 0ctober 1995, 11(1)
520 _aDiscusses problems encountered with the Agricultural Tenancies Act 1995, including a significant increase in rents, no provisions for the Landlord who finds the farm left in a poor state of repair and inflexibility in the tenancy.
650 _aAGRICULTURAL TENANCIES ACT 1995
690 _aRURAL PRACTICE
942 _n0
948 _c04/03/1997
999 _c1887
_d1887